000 00950nam a2200253 4500
003 DO-SdBNP
005 20161208093146.0
008 161206b2008 mx||||| |||| 00| 0 spa d
020 _a970221792X
040 _aBPMSU
_bspa
_cBPMSU
082 _a428.2461
_bE13e
245 0 0 _aEasy inglish :
_bmétodo integral /
_cdirector de la publicación A. Tavard ; coordinador editorial Aarón Alboukrek ; ilustraciones Isabelle Herbet, Fernando Puig Rosado
260 0 _aMéxico, D.F. :
_bLarausse ,
_c2008
_g(5ª reimpresión)
300 _a4v. :
_bil. :
_c24 cm +
_e8 CDs-Audio y 2 DVDs
500 _aLa biblioteca posee 4 CDs-Audio: de 0-3; 2 DVDs : de 0-3
650 4 _aINGLÉS
_xESTUDIO Y ENSEÑANZA
700 1 2 _aTavard, A.
_edir.
700 1 2 _aAlboukrek, Aarón
_eed.
700 1 2 _aHerbet, Isabelle
_eil.
700 1 2 _aPuig Rosado, Fernando
_eil.
910 _aValidado. Control de calidad MFF
942 _2ddc
_cBK
956 _adgarcia
999 _c12317
_d12317